[Event "DEN-ch 2019"]
[Site "Svendborg"]
[Date "2019.04.18"]
[Round "6.5"]
[White "Aabling-Thomsen, Jakob"]
[Black "Rasmussen, Allan Stig"]
[Result "1/2-1/2"]
[WhiteElo "2358"]
[BlackElo "2541"]
[Annotator "ChessBase"]
[PlyCount "179"]
[EventDate "2019.04.13"]
[EventType "tourn"]
[EventCountry "DEN"]
[SourceTitle "playchess.com"]
[Source "ChessBase"]
[SourceQuality "1"]
[TimeControl "40/5400+30:1800+30"]

1. c4 {[%emt 0:00:00]} e5 {[%emt 0:00:00]} 2. g3 {[%emt 0:00:00]} Nc6 {[%emt 0:00:00]} 3. Bg2 {[%emt 0:00:37]} g6 {[%emt 0:00:52]} 4. Nc3 {[%emt 0:06:30]} Bg7 {[%emt 0:00:09]} 5. h4 {[%emt 0:03:14]} h5 {[%emt 0:08:41]} 6. Rb1 {[%emt 0:05:44]} Nh6 {[%emt 0:04:30]} 7. b4 {[%emt 0:01:33]} d6 {[%emt 0:01:44]} 8. b5 {[%emt 0:05:37]} Nd4 {[%emt 0:04:16]} 9. d3 {[%emt 0:02:03]} O-O {[%emt 0:01:21]} 10. Bg5 {[%emt 0:12:10]} f6 {[%emt 0:01:56]} 11. Bd2 {[%emt 0:00:39]} Ng4 {[%emt 0:04:02]} 12. Nh3 {[%emt 0:11:14]} f5 {[%emt 0:15:58]} 13. Bg5 {[%emt 0:10:27]} Bf6 {[%emt 0:05:49]} 14. e3 {[%emt 0:09:13]} Ne6 {[%emt 0:01:04]} 15. Bxf6 {[%emt 0:00:31]} Rxf6 {[%emt 0:04:58]} 16. Qd2 {[%emt 0:01:40]} Rf8 {[%emt 0:18:10]} 17. Nd5 {[%emt 0:00:34]} Bd7 {[%emt 0:03:51]} 18. f3 {[%emt 0:03:47]} Nh6 {[%emt 0:00:41]} 19. e4 {[%emt 0:02:09]} Kg7 {[%emt 0:01:45]} 20. Ng5 {[%emt 0:01:27]} Nd4 {[%emt 0:01:45]} 21. O-O {[%emt 0:05:00]} c6 {[%emt 0:00:53]} 22. bxc6 {[%emt 0:01:16]} bxc6 {[%emt 0:00:05]} 23. Ne3 {[%emt 0:01:23]} f4 {[%emt 0:03:01]} 24. Nc2 {[%emt 0:01:49]} Nxc2 {[%emt 0:04:23]} 25. Qxc2 {[%emt 0:00:02]} fxg3 {[%emt 0:00:36]} 26. Rb7 {[%emt 0:00:14]} Nf7 {[%emt 0:00:18]} 27. f4 {[%emt 0:05:04]} Nxg5 {[%emt 0:01:38]} 28. fxg5 {[%emt 0:02:09]} Rb8 {[%emt 0:00:18]} 29. Rxf8 {[%emt 0:04:29]} Kxf8 {[%emt 0:00:01]} 30. Rxb8 {[%emt 0:03:04]} Qxb8 {[%emt 0:00:02]} 31. c5 {[%emt 0:00:19]} Ke7 {[%emt 0:01:44]} 32. d4 {[%emt 0:01:09]} Qb4 {[%emt 0:00:47]} 33. cxd6+ {[%emt 0:00:24]} Kxd6 {[%emt 0:00:04]} 34. dxe5+ {[%emt 0:00:31]} Kxe5 {[%emt 0:00:05]} 35. Qc1 {[%emt 0:00:24]} Be6 {[%emt 0:04:04]} 36. Qf1 {[%emt 0:00:37]} Qd4+ {[%emt 0:00:41]} 37. Kh1 {[%emt 0:00:01]} Qf2 {[%emt 0:00:23]} 38. Qc1 {[%emt 0:00:45]} c5 {[%emt 0:01:40]} 39. Qc3+ {[%emt 0:00:22]} Kf4 {[%emt 0:00:53]} 40. Qf6+ {[%emt 0:00:47]} Ke3 {[%emt 0:03:36]} 41. Qc3+ {[%emt 0:01:26]} Kf4 {[%emt 0:00:31]} 42. Qf6+ {[%emt 0:00:08]} Bf5 {[%emt 0:02:13]} 43. Qd6+ {[%emt 0:00:52]} Kg4 {[%emt 0:00:06]} 44. Qd1+ {[%emt 0:00:14]} Kxh4 {[%emt 0:00:10]} 45. exf5 {[%emt 0:01:00]} Qxf5 {[%emt 0:00:24]} 46. Qe2 {[%emt 0:09:40]} Kxg5 {[%emt 0:09:58]} 47. Qe7+ {[%emt 0:02:32]} Kf4 {[%emt 0:01:07]} 48. Qh4+ {[%emt 0:01:00]} Qg4 {[%emt 0:05:40]} 49. Qf6+ {[%emt 0:00:05]} Qf5 {[%emt 0:00:16]} 50. Qh4+ {[%emt 0:00:03]} Ke3 {[%emt 0:00:10]} 51. Qxg3+ {[%emt 0:00:04]} Kd4 {[%emt 0:01:10]} 52. Qb8 {[%emt 0:03:08]} c4 {[%emt 0:05:40]} 53. Qxa7+ {[%emt 0:00:13]} Kd3 {[%emt 0:00:20]} 54. Qa6 {[%emt 0:01:39]} g5 {[%emt 0:03:47]} 55. Qd6+ {[%emt 0:01:17]} Ke3 {[%emt 0:01:24]} 56. Qb6+ {[%emt 0:02:14]} Kd2 {[%emt 0:00:58]} 57. Qd4+ {[%emt 0:04:38]} Qd3 {[%emt 0:00:09]} 58. Qb2+ {[%emt 0:00:44]} Kd1 {[%emt 0:01:20]} 59. Qa1+ {[%emt 0:05:50]} Kc2 {[%emt 0:00:58]} 60. Qe1 {[%emt 0:00:23]} Kb2 {[%emt 0:01:10]} 61. Be4 {[%emt 0:03:12]} Qh3+ {[%emt 0:03:12]} 62. Kg1 {[%emt 0:00:01]} Kxa2 {[%emt 0:00:45]} 63. Qd2+ {[%emt 0:00:18]} Ka3 {[%emt 0:01:14]} 64. Qa5+ {[%emt 0:00:44]} Kb3 {[%emt 0:00:13]} 65. Qb5+ {[%emt 0:00:11]} Kc3 {[%emt 0:00:14]} 66. Qe5+ {[%emt 0:00:48]} Kb4 {[%emt 0:00:24]} 67. Qd6+ {[%emt 0:00:30]} Kb3 {[%emt 0:00:41]} 68. Qd1+ {[%emt 0:01:02]} Kc3 {[%emt 0:01:07]} 69. Qa1+ {[%emt 0:00:53]} Kb4 {[%emt 0:00:14]} 70. Qd4 {[%emt 0:00:22]} Qg3+ {[%emt 0:00:18]} 71. Kh1 {[%emt 0:00:18]} Qh3+ {[%emt 0:00:59]} 72. Kg1 {[%emt 0:00:02]} Qg3+ {[%emt 0:00:07]} 73. Kh1 {[%emt 0:00:02]} Qf4 {[%emt 0:00:47]} 74. Qb6+ {[%emt 0:01:42]} Kc3 {[%emt 0:00:03]} 75. Qc6 {[%emt 0:00:39]} h4 {[%emt 0:00:44]} 76. Bg2 {[%emt 0:00:27]} g4 {[%emt 0:00:33]} 77. Qc5 {[%emt 0:00:28]} Qd4 {[%emt 0:00:47]} 78. Qa3+ {[%emt 0:00:09]} Kd2 {[%emt 0:00:36]} 79. Qb4+ {[%emt 0:00:21]} Qc3 {[%emt 0:00:41]} 80. Qd6+ {[%emt 0:00:13]} Kc1 {[%emt 0:01:09]} 81. Qf4+ {[%emt 0:00:23]} Kb2 {[%emt 0:00:27]} 82. Qxg4 {[%emt 0:00:30]} Qe1+ {[%emt 0:00:36]} 83. Kh2 {[%emt 0:00:01]} c3 {[%emt 0:00:32]} 84. Qb4+ {[%emt 0:00:51]} Kc1 {[%emt 0:00:03]} 85. Qf4+ {[%emt 0:01:11]} Qd2 {[%emt 0:00:29]} 86. Qxd2+ {[%emt 0:00:31]} cxd2 {[%emt 0:00:57]} 87. Bf3 {[%emt 0:00:04]} d1=Q {[%emt 0:00:05]} 88. Bxd1 {[%emt 0:00:05]} Kxd1 {[%emt 0:00:03]} 89. Kh3 {[%emt 0:00:03]} Kd2 {[%emt 0:00:05]} 90. Kxh4 {[%emt 0:00:03]} 1/2-1/2

[Event "DEN-ch 2019"]
[Site "Svendborg"]
[Date "2019.04.17"]
[Round "7"]
[White "Hansen, Sune Berg"]
[Black "Aabling-Thomsen, Jakob"]
[Result "1/2-1/2"]
[WhiteElo "2590"]
[BlackElo "2358"]
[Annotator "TA"]
[PlyCount "87"]
[EventDate "2019.04.13"]
[EventType "tourn"]
[EventCountry "DEN"]
[SourceTitle "playchess.com"]
[Source "ChessBase"]
[SourceQuality "1"]

{[%evp 11,87,23,17,10,11,9,14,11,23,13,19,22,25,30,13,16,26,20,22,14,32,33,33,7,15,19,24,0,33,27,57,49,35,8,23,-24,0,-3,30,0,0,0,0,0,0,0,0,0,0,-18,-15,-18,-20,-20,-20,-14,-10,-10,-13,-19,-19,-14,-14,-20,-21,-15,-19,-37,-36,-152,8,8,8,8,8,8,8,8]} 1. d4 Nf6 2. Nf3 g6 3. g3 Bg7 4. Bg2 O-O 5. O-O d6 6. a4 a5 7. Re1 {A49: 1 d4 Nf6 2 Nf3 g6 3 g3: Anti-King's Indian systems} Nc6 (7... Nbd7 8. e4 e5 9. Nc3 Re8 10. h3 c6 11. Be3 exd4 12. Bxd4 Qc7 13. Qd2 Ne5 14. Nh2 Nc4 15. Qg5 Qd8 16. Na2 h6 17. Qc1 c5 18. Bc3 Nb6 19. b3 d5 20. exd5 Nbxd5 {½-½ (39) Rapport,R (2720)-Mamedyarov,S (2747) Reykjavik 2016}) 8. d5 Nb4 9. e4 e6 10. c3 Na6 11. dxe6 Bxe6 12. Nd4 Bg4 $146 ({You set blue moves yourself with the critical opening position annotation.:} 12... Bd7 13. Na3 Nc5 14. Nab5 Re8 15. Qc2 Qb8 16. Bf4 Nh5 17. Be3 Nf6 18. Bf4 Nh5 19. Be3 Nf6 20. Bf4 {½-½ (20) Panchanathan,M (2462)-Cornette,M (2573) Montcada 2009}) 13. f3 Bd7 14. Be3 Re8 15. Bf2 Qc8 16. Nb5 Bh3 17. Bh1 Nd7 18. Nd2 {[%cal Bb1d2,Bd2b3,Bb3d4,Bd4e2][%mdl 32]} Ne5 19. Nb3 Nb8 20. N3d4 Nbd7 21. Ne2 $1 g5 22. Ned4 Nc5 23. Be3 h6 24. Qc2 Nc4 25. Bf2 (25. Bg2 $5 {[%cal Rg2h3]} Nxe3 26. Rxe3 $11) 25... c6 26. Na3 $1 {[%cal Ra3c4]} Nxa3 27. Rxa3 d5 28. exd5 Rxe1+ 29. Bxe1 cxd5 30. Bf2 Ne6 31. Nf5 Bxf5 32. Qxf5 d4 {[%cal Rd4c3]} 33. f4 dxc3 34. bxc3 gxf4 35. gxf4 Qc7 36. Rb3 Rd8 37. Bf3 Qxf4 38. Qxf4 Nxf4 39. Bg3 Rd3 40. Kf2 (40. Bxb7 $15 Ne2+ 41. Kg2) 40... Nh3+ $2 {[#]} (40... Bxc3 $17 {White must now prevent ...&Ld4.} 41. Bd1 Nd5) 41. Ke2 $11 {The position is equal.} Rxc3 42. Rxc3 Bxc3 43. Bxb7 Ng5 44. Bf4 {NOTEXT-4805: Tournament = 54%, Annotator = 61%.} 1/2-1/2

[Event "DEN-ch 2019"]
[Site "Svendborg"]
[Date "2019.04.17"]
[Round "7"]
[White "Chatalbashev, Boris"]
[Black "Thybo, Jesper Sondergaard"]
[Result "0-1"]
[WhiteElo "2521"]
[BlackElo "2513"]
[Annotator "TA"]
[PlyCount "62"]
[EventDate "2019.04.13"]
[EventType "tourn"]
[EventCountry "DEN"]
[SourceTitle "playchess.com"]
[Source "ChessBase"]
[SourceQuality "1"]

{[%evp 14,62,20,16,22,10,31,31,16,22,25,31,27,2,6,-18,-30,-63,-35,-42,-51,-93,-102,-177,-170,-177,-189,-175,-177,-185,-185,-231,-213,-234,-227,-385,-389,-381,-183,-389,-390,-385,-378,-375,-376,-434,-452,-467,-460,-791,-779]} 1. d4 Nf6 2. c4 e6 3. Nc3 Bb4 4. Nf3 d5 5. Bg5 h6 6. Bxf6 Qxf6 7. Qa4+ Nc6 8. e3 O-O {D38: Queen's Gambit Declined: Ragozin Defence (4 Nf3 Bb4)} 9. Be2 Bd7 {And now ...Nxd4 would win.} 10. Qb3 dxc4 {White is slightly better.} 11. Qxc4 Qg6 12. O-O Bd6 13. Nh4 Qc2 $36 {[%mdl 2048] [#] Black is pushing.} 14. Rfc1 $146 ({Predecessor:} 14. Bd3 Qxb2 15. Rab1 Qa3 16. Nb5 {0-1 (60) Bogner,S (2598)-Yu,Y (2705) Doha 2014}) 14... Qxb2 15. Rab1 Qa3 16. Nb5 Qa5 17. Nxd6 cxd6 18. Rxb7 {[#]} (18. Qb3 $17) 18... Rac8 $1 $19 {Hoping for ...Nxd4!} 19. Rbb1 Nb4 $1 {[%cal Bc6b4,Bb4a2,Ba2c3,Bc3b5][%mdl 32]} 20. Qb3 Nxa2 21. Rxc8 Rxc8 22. Qb7 Qd8 {aiming for ...Nc3.} 23. Ba6 Nc3 24. Rb3 $2 {[#]} (24. Rb2) 24... Nb5 $1 {[%cal Rc8c1]} 25. h3 Rc1+ ({Less strong is} 25... Qxh4 26. Qxd7 Rc1+ 27. Kh2 $15) 26. Kh2 Bc6 ({Weaker is} 26... Qxh4 27. Qxd7 Qxf2 28. Bxb5 $15) 27. Qc8 Qxc8 28. Bxc8 a5 {[%cal Ba7a5,Ba5a4][%mdl 32]} 29. Ba6 a4 {Black is clearly winning.} 30. Rb4 Nc3 31. Bd3 (31. Rb8+ $142 Kh7 32. Rb6) 31... g5 {Accuracy: White = 50%, Black = 98%.} 0-1

[Event "DEN-ch 2019"]
[Site "Svendborg"]
[Date "2019.04.17"]
[Round "7"]
[White "Ochsner, Bjorn Moller"]
[Black "Bjerre, Jonas Buhl"]
[Result "0-1"]
[WhiteElo "2486"]
[BlackElo "2470"]
[Annotator "TA"]
[PlyCount "116"]
[EventDate "2019.04.13"]
[EventType "tourn"]
[EventCountry "DEN"]
[SourceTitle "playchess.com"]
[Source "ChessBase"]
[SourceQuality "1"]

{[%evp 15,116,0,0,0,7,4,6,6,10,12,15,0,0,0,0,0,0,0,0,0,0,0,23,0,20,8,4,0,7,0,5,1,13,0,0,0,0,-36,19,-33,-54,-41,-60,-229,-222,-246,-250,-351,-350,-343,-343,-312,-209,-201,-216,-217,-218,-206,-144,-161,-128,-167,-157,-324,-314,-458,-452,-433,-331,-342,-322,-672,-675,-602,-424,-420,-392,-369,-381,-372,-366,-701,-688,-609,-383,-352,-374,-659,-633,-596,-516,-578,-548,-925,-886,-2235,-2165,-1891,-1896,-1511,-1397,-29980,-934]} 1. e4 c5 2. Nf3 d6 3. d4 cxd4 4. Nxd4 Nf6 5. Nc3 a6 6. g3 e5 7. Nde2 Be7 8. Bg2 b5 9. Nd5 {B91: Sicilian Najdorf: 6 g3} Nbd7 10. Nec3 Nb6 11. Nxe7 {The position is equal.} Qxe7 12. Bg5 b4 $146 ({Predecessor:} 12... O-O 13. O-O h6 14. Bxf6 Qxf6 15. a4 b4 16. Nd5 Nxd5 17. Qxd5 {½-½ (27) Navara,D (2745)-Wojtaszek,R (2744) Shamkir 2018}) 13. Nb1 h6 14. Bxf6 Qxf6 15. a3 bxa3 $1 16. Rxa3 O-O 17. O-O Be6 18. b3 Rfd8 19. Nc3 Qe7 20. Qa1 Rdc8 21. Re1 Qc7 22. Re3 a5 $1 23. Bf1 ({Don't go for} 23. Rxa5 $2 Rxa5 24. Qxa5 Ra8 $19) 23... Qc5 24. Ra2 Bd7 25. Rd3 Qb4 26. Qb2 Rc7 (26... f5 $15) 27. Nb1 (27. Nd1 $1 $11) 27... Qxe4 $15 28. Nd2 Qg6 29. Bg2 $2 ({Better is} 29. c4 $15) 29... Rac8 $19 30. Qa3 {[#]} d5 $1 ({Don't take} 30... Rxc2 31. Rxc2 Qxd3 32. Rxc8+ Bxc8 33. Qxa5 $17) 31. Qxa5 (31. Bxd5 {was necessary.} Bf5 32. Bc4 Nxc4 33. bxc4 Bxd3 34. cxd3) 31... Rxc2 32. Rxc2 Rxc2 33. Re3 Rc1+ 34. Nf1 Qd6 35. Qd2 Rc8 36. f4 exf4 37. gxf4 Qc5 38. Kh1 Bb5 39. Qf2 $2 (39. Kg1 $17 {was worth a try.}) 39... Nd7 40. Nd2 (40. Kg1 $142) 40... Nf6 41. h3 Kh7 42. Kg1 Qb4 {[#] And now ...Rc2 would win.} 43. Nf1 $2 (43. Nf3) 43... Rc1 44. Kh2 Qc5 {aiming for ...Rc2.} 45. Rf3 Qxf2 46. Rxf2 Ne4 47. Bxe4+ dxe4 {[%mdl 4096] Endgame KRB-KRN} 48. Kg2 $2 (48. Ne3) 48... Rc3 49. Rb2 Rf3 50. Ng3 Rxf4 51. Rf2 $2 (51. Ne2 Rf6 52. Nd4) 51... g5 52. Rc2 Kg6 53. Rc5 Bd3 54. b4 h5 55. b5 h4 56. b6 e3 57. Rc6+ f6 58. Rc3 Ba6 {Accuracy: White = 39%, Black = 72%.} (58... Rf2+ $142 59. Kg1 hxg3 60. Rxd3 e2 61. Re3 Rf1+ 62. Kg2 e1=Q 63. Rxe1 Rxe1 64. Kf3 Rb1 65. Kxg3 Rxb6 66. Kf3 Rb3+ 67. Ke4 Rxh3 68. Kd4 g4 69. Ke4 Ra3 70. Kd5 g3 71. Kc5 g2 72. Kb4 Rh3 73. Kb5 g1=Q 74. Kc4 Qb6 75. Kd5 Rc3 76. Ke4 Qe6+ 77. Kf4 Qf5#) 0-1

[Event "DEN-ch 2019"]
[Site "Svendborg"]
[Date "2019.04.17"]
[Round "7"]
[White "Teplyi, Igor"]
[Black "Antonsen, Mikkel"]
[Result "1/2-1/2"]
[WhiteElo "2418"]
[BlackElo "2426"]
[Annotator "TA"]
[PlyCount "101"]
[EventDate "2019.04.13"]
[EventType "tourn"]
[EventCountry "DEN"]
[SourceTitle "playchess.com"]
[Source "ChessBase"]
[SourceQuality "1"]

{[%evp 21,101,2,47,0,0,4,30,27,30,42,47,54,61,54,55,58,61,55,56,46,75,67,121,93,103,76,86,82,121,120,82,28,44,33,66,70,70,70,70,78,78,79,64,69,99,82,173,177,313,119,122,105,106,122,204,60,637,637,727,700,29991,29992,29992,25,25,29,39,0,4,4,47,0,0,0,0,0,0,0,0,0,0,0]} 1. c4 e6 2. Nf3 d5 3. e3 Nf6 4. Nc3 b6 5. b3 Bb7 6. Bb2 a6 7. d4 Bd6 8. Bd3 O-O 9. O-O Nbd7 10. Rc1 Ne4 11. Ne2 Qe7 12. Ng3 {E14: Queen's Indian: Classical Variation (4 e3)} (12. Ne5 {looks sharper.} Bxe5 13. dxe5 dxc4 14. Bxc4 Rfd8 15. Qc2) 12... Nxg3 (12... f5 13. Ne5 Nxe5 14. dxe5 Bc5 15. cxd5 exd5 16. Ne2 a5 17. Kh1 Qh4 18. Bxe4 fxe4 19. Nf4 Rxf4 20. exf4 {0-1 (59) Halkias,S (2585)-Zhigalko,S (2671) Doha 2016}) 13. hxg3 c5 $146 ({Predecessor:} 13... Rfd8 14. Qc2 Nf8 15. c5 {1-0 (15) Izeta Txabarri,F (2380)-Iruzubieta Villaluenga,J (2255) Ermua 1990}) 14. cxd5 {White has an edge.} exd5 15. dxc5 bxc5 16. Qc2 g6 17. Rfe1 f6 18. e4 d4 19. b4 $36 {[%mdl 2048] White has some pressure.} cxb4 20. Nxd4 Ne5 21. Be2 Kh8 (21... a5 $14) 22. f4 $16 Rac8 23. Qb3 Rxc1 24. Rxc1 {aiming for Ne6.} ({Of course not} 24. Bxc1 $6 Nd7 $11) 24... Nd7 25. e5 $1 {[%cal Re5d6]} fxe5 26. Nf3 (26. Ne6 $16 Rf6 27. Bg4) 26... Bxf3 $11 27. Bxf3 Bc5+ 28. Kf1 Bd4 29. Bxd4 $1 exd4 30. Qd5 Nf6 31. Qxd4 Rd8 32. Qb2 Kg8 33. Re1 $1 {[%cal Re1e7]} Qf7 (33... Qf8 $16) 34. Qxb4 $18 Qxa2 (34... Rd7 {was worth a try.} 35. a4 h5) 35. Qe7 $2 (35. Bd1 $1 $18 {[%cal Rd1b3] and the rest is easy. And now Bb3+ would win.} Rd3 36. Qb8+ Kf7 37. Qb7+ Nd7 38. Qe4) 35... Rf8 $16 36. Qc5 {Strongly threatening Be2.} Kg7 37. g4 {Hoping for g5.} h6 (37... Qd2 $16) 38. Kg1 (38. g5 $18 Ng8 39. Qd4+ Kh7 40. Bd5) 38... Ng8 $2 {[%mdl 8192]} (38... Qd2 $14 39. Qe7+ Rf7) 39. Qd4+ $18 Kh7 40. Bd5 Qa5 41. Bxg8+ $1 Kxg8 {[%mdl 4096] Endgame [#] KQR-KQR} 42. Re6 $2 (42. Re7 $1 {mates} Rf6 43. Qxf6 Qc5+ {[#]} 44. Kh2 $1 {[%mdl 512]} Qxe7 45. Qxe7 h5 46. gxh5 {[%mdl 64] Overworked Piece} gxh5 47. f5 a5 48. f6 Kh8 49. Qg7#) 42... Qc7 $11 43. Rxg6+ {[%mdl 64] Double Attack} Kh7 44. Rf6 (44. f5 $5 {[%cal Rd4e3]} Rd8 45. Qa1 $16 (45. Qe3 $2 Rd1+ 46. Kf2 Qc2+ 47. Kg3 Rd3 $19)) 44... Rxf6 45. Qxf6 {White wants to play f5. KQ-KQ} a5 46. g5 hxg5 {The position is equal.} 47. Qf5+ Kh8 {Threatens to win with ...Qc1+.} 48. Qxg5 Qa7+ 49. Kf1 a4 50. Qf6+ Kg8 51. Qg6+ {Accuracy: White = 55%, Black = 46%.} 1/2-1/2

[Event "DEN-ch 2019"]
[Site "Svendborg"]
[Date "2019.04.17"]
[Round "7"]
[White "Olsen, Filip Boe"]
[Black "Rasmussen, Allan Stig"]
[Result "0-1"]
[WhiteElo "2414"]
[BlackElo "2541"]
[Annotator "TA"]
[PlyCount "74"]
[EventDate "2019.04.13"]
[EventType "tourn"]
[EventCountry "DEN"]
[SourceTitle "playchess.com"]
[Source "ChessBase"]
[SourceQuality "1"]

{[%evp 9,74,28,28,22,16,23,27,20,26,31,25,31,33,29,22,28,27,35,26,18,34,24,28,0,0,-20,0,-35,-14,-24,-30,-37,-14,-20,-13,-27,-19,-18,-28,-70,-14,-16,0,0,-7,-52,-68,-57,-50,-348,-345,-444,-409,-416,-403,-400,-392,-388,-371,-376,-373,-577,-564,-647,-644,-5875,-1000]} 1. d4 Nf6 2. c4 e6 3. Nc3 Bb4 4. Qc2 b6 5. e4 c5 6. d5 {E32: Nimzo-Indian: Classical (4 Qc2): 4...0-0} Qe7 7. Nge2 exd5 8. exd5 {White has an edge.} O-O ({Predecessor:} 8... d6 9. Bg5 h6 10. Bh4 {1-0 (80) Saduakassova,D (2444)-Khademalsharieh,S (2433) Ashkhabad 2017}) 9. Bg5 $146 (9. Bd2 d6 10. O-O-O Ng4 11. Be1 Nd7 12. Ng3 Ndf6 13. h3 Ne5 {1-0 (35) Zhou,J (2597)-Wei,Y (2743) Shenzhen 2017}) 9... h6 10. Bh4 d6 11. O-O-O Nbd7 12. a3 Ba5 13. Ng3 {Strongly threatening Nf5.} Qe5 14. Nf5 {Bg3 is the strong threat.} g6 15. Ne3 $1 ({Much weaker is} 15. Nxh6+ Kg7 $15) 15... Bxc3 16. Qxc3 (16. bxc3 {looks sharper.} Qe4 17. Qxe4 Nxe4 18. f3 Nef6 19. Re1) 16... Qxc3+ 17. bxc3 Re8 18. Bd3 Kg7 19. Rhe1 Ne5 20. Bc2 Nh5 21. Ba4 Bd7 22. Bxd7 Nxd7 23. g4 Nhf6 24. f4 a6 ({Black should play} 24... Re4 $15 25. Bg3 Rae8) 25. a4 $11 Ne4 26. Kc2 {[#]} b5 $1 {[%mdl 512]} 27. a5 (27. axb5 axb5) 27... b4 28. cxb4 cxb4 {Threatens to win with ...Ndc5.} 29. f5 $2 {[%mdl 8192]} (29. Rb1 $15) 29... Ndc5 $19 30. Bg3 b3+ 31. Kb2 Nxg3 32. hxg3 Re4 33. fxg6 fxg6 34. Ng2 Rxc4 {Hoping for ...Rc2+.} 35. Nf4 (35. Kb1 $142 Ne4 36. Rc1) 35... Rc2+ {Black is clearly winning.} 36. Ka1 Na4 37. Re2 {[#]} Rac8 {Accuracy: White = 56%, Black = 67%.} (37... Nc3 $142 $1 38. Rxc2 bxc2) 0-1

[Event "DEN-ch 2019"]
[Site "Svendborg"]
[Date "2019.04.19"]
[Round "7.1"]
[White "Olsen, Filip Boe"]
[Black "Antonsen, Mikkel"]
[Result "1/2-1/2"]
[WhiteElo "2414"]
[BlackElo "2426"]
[Annotator "TA"]
[PlyCount "60"]
[EventDate "2019.04.13"]
[EventType "tourn"]
[EventCountry "DEN"]
[SourceTitle "playchess.com"]
[Source "ChessBase"]
[SourceQuality "1"]

{[%evp 21,60,2,43,35,51,0,0,0,0,0,0,-35,-29,-38,-13,-42,-38,-34,-33,-37,-43,-39,-29,-54,-55,-58,-12,-8,-9,-11,-10,-11,0,0,-1,-1,0,-4,-3,-7,0]} 1. d4 Nf6 2. c4 e6 3. Nc3 d5 4. cxd5 Nxd5 5. e4 Nxc3 6. bxc3 c5 7. Nf3 cxd4 8. cxd4 Bb4+ 9. Bd2 Bxd2+ 10. Qxd2 O-O 11. Bc4 Nd7 12. O-O {D41: Queen's Gambit Declined: Semi-Tarrasch with 5 cxd5} b6 13. Qf4 ({White should try} 13. a4 $14) (13. Rad1 Bb7 14. Rfe1 Rc8 15. Bb3 Re8 16. h3 Nf6 17. Qf4 Nh5 18. Qh2 h6 19. h4 a5 20. g4 Nf6 21. Qf4 b5 22. Ne5 {½-½ (50) Adhiban,B (2683)-Ding,L (2812) Astana 2019}) 13... Bb7 $11 14. Rad1 Rc8 15. Bd3 {[#]} Rc3 $146 ({Predecessor:} 15... Qf6 16. Qg3 Qg6 17. Qh4 Qf6 18. Qh3 Qf4 19. d5 Nc5 {½-½ (74) Nepomniachtchi,I (2711)-Galkin,A (2598) Moscow 2011}) 16. d5 exd5 17. exd5 Qf6 18. Qe4 {[%csl Gd3][%cal Re4h7] [#]} (18. Qb4 {seems wilder.} Nc5 19. Bb5 Rxf3 20. gxf3 Qxf3 21. Qd2) 18... g6 {And now ...Nc5 would win.} 19. Bb5 Nc5 20. Qd4 Qxd4 21. Nxd4 Rd8 22. Nc6 Rd6 23. Nxa7 Rxd5 24. Rxd5 {The position is equal.} Bxd5 25. Nc8 {[#] Black must now prevent Ne7+.} Bxa2 26. Nxb6 Be6 {Threatens to win with ...Rb3.} 27. Na4 Nxa4 28. Bxa4 Kg7 29. Re1 Ra3 30. Bc6 Rc3 {Accuracy: White = 58%, Black = 72%.} 1/2-1/2

[Event "DEN-ch 2019"]
[Site "Svendborg"]
[Date "2019.04.19"]
[Round "7.2"]
[White "Ochsner, Bjorn Moller"]
[Black "Thybo, Jesper Sondergaard"]
[Result "0-1"]
[WhiteElo "2486"]
[BlackElo "2513"]
[Annotator "ChessBase"]
[PlyCount "102"]
[EventDate "2019.04.13"]
[EventType "tourn"]
[EventCountry "DEN"]
[SourceTitle "playchess.com"]
[Source "ChessBase"]
[SourceQuality "1"]
[TimeControl "40/5400+30:1800+30"]

1. e4 {[%emt 0:00:00]} e5 {[%emt 0:00:00]} 2. Nf3 {[%emt 0:00:00]} Nc6 {[%emt 0:00:00]} 3. Bb5 {[%emt 0:00:00]} f5 {[%emt 0:00:02]} 4. d3 {[%emt 0:00:00]} fxe4 {[%emt 0:00:08]} 5. dxe4 {[%emt 0:00:05]} Nf6 {[%emt 0:00:07]} 6. O-O {[%emt 0:00:11]} d6 {[%emt 0:00:08]} 7. Be3 {[%emt 0:05:20]} Be7 {[%emt 0:07:16]} 8. Bc4 {[%emt 0:02:16]} Na5 {[%emt 0:02:28]} 9. Be2 {[%emt 0:00:32]} O-O {[%emt 0:03:27]} 10. b4 {[%emt 0:30:35]} Nc6 {[%emt 0:00:52]} 11. b5 {[%emt 0:02:10]} Nb8 {[%emt 0:07:05]} 12. Bc4+ {[%emt 0:06:53]} Kh8 {[%emt 0:00:39]} 13. Ng5 {[%emt 0:02:40]} Qe8 {[%emt 0:02:20]} 14. Nc3 {[%emt 0:02:20]} Qg6 {[%emt 0:13:05]} 15. Qf3 {[%emt 0:23:56]} c6 {[%emt 0:41:04]} 16. Qg3 {[%emt 0:08:52]} Nh5 {[%emt 0:01:24]} 17. Nf7+ {[%emt 0:01:38]} Qxf7 {[%emt 0:00:10]} 18. Bxf7 {[%emt 0:00:06]} Rxf7 {[%emt 0:00:30]} 19. Qf3 {[%emt 0:02:25]} Rxf3 {[%emt 0:00:05]} 20. gxf3 {[%emt 0:00:01]} Be6 {[%emt 0:03:51]} 21. bxc6 {[%emt 0:03:50]} Nxc6 {[%emt 0:00:07]} 22. Rfd1 {[%emt 0:02:35]} b6 {[%emt 0:07:16]} 23. a4 {[%emt 0:01:07]} Bc4 {[%emt 0:02:00]} 24. Nb5 {[%emt 0:01:27]} Rd8 {[%emt 0:00:31]} 25. Rd2 {[%emt 0:01:50]} Nf4 {[%emt 0:03:38]} 26. Bxf4 {[%emt 0:01:29]} exf4 {[%emt 0:00:01]} 27. Rad1 {[%emt 0:00:21]} Ne5 {[%emt 0:00:32]} 28. Kg2 {[%emt 0:00:25]} Bf7 {[%emt 0:02:01]} 29. Nxa7 {[%emt 0:00:51]} Bh5 {[%emt 0:00:13]} 30. Rb1 {[%emt 0:00:23]} Bxf3+ {[%emt 0:00:31]} 31. Kf1 {[%emt 0:00:01]} Bxe4 {[%emt 0:00:20]} 32. Rxb6 {[%emt 0:00:43]} Nc4 {[%emt 0:00:57]} 33. Rd4 {[%emt 0:00:05]} Nxb6 {[%emt 0:01:23]} 34. Rxe4 {[%emt 0:00:01]} Bf6 {[%emt 0:00:34]} 35. Nc6 {[%emt 0:00:49]} Ra8 {[%emt 0:01:40]} 36. a5 {[%emt 0:00:25]} Nd7 {[%emt 0:00:15]} 37. Re6 {[%emt 0:01:29]} Ne5 {[%emt 0:01:12]} 38. Rxd6 {[%emt 0:00:29]} Nc4 {[%emt 0:00:13]} 39. Rd5 {[%emt 0:00:33]} Kg8 {[%emt 0:00:47]} 40. Ke2 {[%emt 0:00:31]} Ra6 {[%emt 0:00:24]} 41. Rc5 {[%emt 0:01:57]} f3+ {[%emt 0:03:46]} 42. Kd1 {[%emt 0:10:15]} Nd6 {[%emt 0:03:45]} 43. Nb4 {[%emt 0:00:15]} Ra8 {[%emt 0:01:50]} 44. a6 {[%emt 0:01:17]} Ne4 {[%emt 0:01:16]} 45. Rc4 {[%emt 0:00:53]} Nxf2+ {[%emt 0:01:20]} 46. Ke1 {[%emt 0:00:06]} Nh3 {[%emt 0:00:06]} 47. Rc7 {[%emt 0:01:04]} Bh4+ {[%emt 0:04:55]} 48. Kf1 {[%emt 0:00:27]} Re8 {[%emt 0:00:05]} 49. Nd3 {[%emt 0:00:56]} Nf4 {[%emt 0:00:08]} 50. Rc4 {[%emt 0:01:09]} Nxd3 {[%emt 0:00:12]} 51. Rxh4 {[%emt 0:00:06]} Re1# 0-1